Constructing systems and information : (Record no. 143152)
[ view plain ]
| 000 -LEADER | |
|---|---|
| fixed length control field | 00855nam a2200265 a 4500 |
| 008 - FIXED-LENGTH DATA ELEMENTS--GENERAL INFORMATION | |
| fixed length control field | |
| 020 ## - INTERNATIONAL STANDARD BOOK NUMBER | |
| International Standard Book Number | 0077079620 (pbk.) |
| 049 ## - LOCAL HOLDINGS (OCLC) | |
| Holding library | MAIN |
| 090 ## - LOCALLY ASSIGNED LC-TYPE CALL NUMBER (OCLC); LOCAL CALL NUMBER (RLIN) | |
| Classification number (OCLC) (R) ; Classification number, CALL (RLIN) (NR) | QA76.9.S88 |
| Local cutter number (OCLC) ; Book number/undivided call number, CALL (RLIN) | CRO |
| 003 - CONTROL NUMBER IDENTIFIER | |
| control field | |
| 005 - DATE AND TIME OF LATEST TRANSACTION | |
| control field | 20230123133125.0 |
| 040 ## - CATALOGING SOURCE | |
| Transcribing agency | NUST |
| 100 1# - MAIN ENTRY--PERSONAL NAME | |
| Personal name | Crowe, Malcolm K. |
| 245 10 - TITLE STATEMENT | |
| Title | Constructing systems and information : |
| Remainder of title | a process view / |
| Statement of responsibility, etc. | Malcolm Crowe, Richard Beeby, John Gammack. |
| 260 ## - PUBLICATION, DISTRIBUTION, ETC. | |
| Place of publication, distribution, etc. | London : |
| Name of publisher, distributor, etc. | McGraw Hill, |
| Date of publication, distribution, etc. | c1996. |
| 300 ## - PHYSICAL DESCRIPTION | |
| Extent | xiii, 261 p. : |
| Other physical details | ill. ; |
| Dimensions | 25 cm. |
| 440 ## - SERIES STATEMENT/ADDED ENTRY--TITLE | |
| Title | McGraw-Hill information systems, management and strategy series. |
| 504 ## - BIBLIOGRAPHY, ETC. NOTE | |
| Bibliography, etc. note | Includes bibliographical references. |
| 500 ## - GENERAL NOTE | |
| General note | Includes index. |
| 650 #0 - SUBJECT ADDED ENTRY--TOPICAL TERM | |
| Topical term or geographic name entry element | System design. |
| 700 1# - ADDED ENTRY--PERSONAL NAME | |
| Personal name | Beeby, Richard. |
| 700 1# - ADDED ENTRY--PERSONAL NAME | |
| Personal name | Gammack, John. |
| 907 ## - LOCAL DATA ELEMENT G, LDG (RLIN) | |
| a | .b10011924 |
| b | 18-09-12 |
| c | 17-04-03 |
| 942 ## - ADDED ENTRY ELEMENTS (KOHA) | |
| Koha item type | Ordinary Loan Books |
| Call number prefix | QA76.9.S88 |
| Call number suffix | CRO |
| Date last seen | Total Checkouts | Full call number | Barcode | Cost, replacement price | Price effective from | Koha item type | Lost status | Source of classification or shelving scheme | Damaged status | Not for loan | Collection | Withdrawn status | Home library | Current library | Shelving location | Date acquired | Cost, normal purchase price |
|---|---|---|---|---|---|---|---|---|---|---|---|---|---|---|---|---|---|
| 01/23/2023 | 19 | QA76.9.S88 CRO | 92003013206 | 80.00 | 01/23/2023 | BOOKS | LCC | 1 | NFIC | MAIN | MAIN | GEN | 01/23/2023 | 80.00 |